Oru judas janikkunnu / (Record no. 570)
[ view plain ]
| 000 -LEADER | |
|---|---|
| fixed length control field | 00454cam a2200181ua 4500 |
| 041 ## - LANGUAGE CODE | |
| Language code of text/sound track or separate title | mal |
| 082 ## - DEWEY DECIMAL CLASSIFICATION NUMBER | |
| Classification number | 894.812 1 |
| Item number | RAM/OR |
| 100 ## - MAIN ENTRY--AUTHOR NAME | |
| Personal name | Ramavarma, Vayalar . |
| 245 ## - TITLE STATEMENT | |
| Title | Oru judas janikkunnu / |
| 260 ## - PUBLICATION, DISTRIBUTION, ETC. (IMPRINT) | |
| Place of publication | Thrissur : |
| Name of publisher | Current Books , |
| Year of publication | 1963. |
| 300 ## - PHYSICAL DESCRIPTION | |
| Number of Pages | 61 ; . |
| 650 ## - SUBJECT ADDED ENTRY--TOPICAL TERM | |
| Topical Term | Poems - Malayalam |
| 942 ## - ADDED ENTRY ELEMENTS (KOHA) | |
| Koha item type | Books |
| Withdrawn status | Lost status | Damaged status | Home library | Current library | Date acquired | Cost, normal purchase price | Full call number | Accession Number | Koha item type |
|---|---|---|---|---|---|---|---|---|---|
| Withdrawn | KAUAET | KAUAET | 07/04/2012 | 1.00 | 894.812 1 | 1711 | Books |
